[Event "COL-ch U14"]
[Site "Barranquilla"]
[Date "2024.04.14"]
[Round "7"]
[White "Torres Orozco, Adrian de Jesus"]
[Black "Sepulveda Brango, Alberto Enrique"]
[Result "1/2-1/2"]
[WhiteElo "1521"]
[BlackElo "1674"]
[PlyCount "37"]
[EventDate "2024.04.11"]
[EventType "swiss"]
[EventRounds "7"]
[EventCountry "COL"]
[SourceTitle "CB18_2024"]
[SourceDate "2024.05.01"]
[SourceVersion "1"]
[SourceVersionDate "2024.05.01"]
[SourceQuality "2"]

1. d4 d5 2. c4 c6 3. cxd5 cxd5 4. Nf3 Nf6 5. Bf4 e6 6. e3 Nc6 7. Nc3 a6 8. a3 Bd6 9. Bxd6 Qxd6 10. Bd3 b5 11. 0-0 0-0 12. Rc1 Bb7 13. Qe2 e5 14. dxe5 Nxe5 15. Nxe5 Qxe5 16. Rfd1 Qg5 17. Qf3 Rab8 18. Qg3 Qxg3 19. hxg3 1/2-1/2

[Event "COL-ch U14"]
[Site "Barranquilla"]
[Date "2024.04.12"]
[Round "2"]
[White "Sepulveda Brango, Alberto Enrique"]
[Black "Garzon Camelo, Andres Santiago"]
[Result "1/2-1/2"]
[WhiteElo "1674"]
[BlackElo "2087"]
[PlyCount "84"]
[EventDate "2024.04.11"]
[EventType "swiss"]
[EventRounds "7"]
[EventCountry "COL"]
[SourceTitle "CB18_2024"]
[SourceDate "2024.05.01"]
[SourceVersion "1"]
[SourceVersionDate "2024.05.01"]
[SourceQuality "2"]

1. e4 e5 2. Nf3 Nc6 3. d4 exd4 4. Bc4 Nf6 5. e5 d5 6. Bb5 Ne4 7. Nxd4 Bd7 8. Bxc6 bxc6 9. 0-0 Bc5 10. f3 Ng5 11. f4 Ne4 12. Be3 0-0 13. Nd2 Nxd2 14. Qxd2 Bb6 15. Nb3 Qe7 16. Bxb6 axb6 17. a3 Rfd8 18. Rae1 g6 19. Nd4 c5 20. Ne2 Bf5 21. Ng3 Qe6 22. Nxf5 gxf5 23. Re3 Kh8 24. Rff3 d4 25. Rd3 Rg8 26. c3 dxc3 27. Qxc3 Ra4 28. Qb3 Qxb3 29. Rxb3 Rd8 30. Rbd3 Rxd3 31. Rxd3 Rxf4 32. Rd7 Re4 33. Rxf7 Rxe5 34. Rxc7 Re1+ 35. Kf2 Rb1 36. Rc8+ Kg7 37. Rc7+ Kg8 38. Rc8+ Kf7 39. Rc7+ Ke8 40. b4 cxb4 41. axb4 h6 42. Rc4 Ke7 1/2-1/2

[Event "Barranquilla Carnaval Cup"]
[Site "Barranquilla"]
[Date "2024.02.07"]
[Round "8"]
[White "Sepulveda Brango, Alberto Enrique"]
[Black "Ramirez Girado, Joshua Daid"]
[Result "1-0"]
[WhiteElo "1465"]
[BlackElo "1086"]
[PlyCount "51"]
[EventDate "2024.02.03"]
[EventType "swiss"]
[EventRounds "9"]
[EventCountry "COL"]
[SourceTitle "CB07_2024"]
[SourceDate "2024.02.14"]
[SourceVersion "1"]
[SourceVersionDate "2024.02.14"]
[SourceQuality "1"]

1. e4 c6 2. d4 d5 3. Nc3 e6 4. Nf3 Be7 5. Bd3 Nd7 6. 0-0 Ngf6 7. e5 Ng8 8. Ne2 c5 9. c3 b6 10. Be3 Qc7 11. Rc1 c4 12. Bb1 Bb7 13. Ng3 Nh6 14. h3 b5 15. Nh2 Ba6 16. a3 Bb7 17. Qh5 0-0-0 18. Bxh6 gxh6 19. Qxf7 Bg5 20. Rcd1 Nf8 21. Qxc7+ Kxc7 22. Nh5 Bc8 23. Ng4 Ng6 24. f4 Be7 25. g3 a5 26. Kh2 1-0

[Event "Barranquilla Carnaval Cup"]
[Site "Barranquilla"]
[Date "2024.02.03"]
[Round "2"]
[White "Valle, Efrain"]
[Black "Sepulveda Brango, Alberto Enrique"]
[Result "1-0"]
[WhiteElo "1927"]
[BlackElo "1465"]
[PlyCount "69"]
[EventDate "2024.02.03"]
[EventType "swiss"]
[EventRounds "9"]
[EventCountry "COL"]
[SourceTitle "CB07_2024"]
[SourceDate "2024.02.14"]
[SourceVersion "1"]
[SourceVersionDate "2024.02.14"]
[SourceQuality "1"]

1. Nf3 d5 2. g3 Nf6 3. Bg2 Bf5 4. c4 c6 5. cxd5 cxd5 6. 0-0 e6 7. d3 Nc6 8. Nc3 Bd6 9. a3 0-0 10. Qe1 d4 11. Nb1 e5 12. Nbd2 Be6 13. Ng5 Bd5 14. Nde4 Nxe4 15. Nxe4 Be7 16. b4 f5 17. Nd2 Bxg2 18. Kxg2 Qd5+ 19. Kg1 b5 20. Bb2 h5 21. Qd1 a5 22. bxa5 Nxa5 23. Qb1 Rfc8 24. h4 Kh8 25. Rc1 Nb3 26. Qa2 Rxc1+ 27. Rxc1 b4 28. a4 Rxa4 29. Rc8+ Kh7 30. Qxa4 Nxd2 31. Qe8 Bf8 32. Qxf8 Qb3 33. Qxf5+ g6 34. Rc7+ Kg8 35. Qc8# 1-0

[Event "Medellin Flores op 30th"]
[Site "Medellin"]
[Date "2023.08.04"]
[Round "2"]
[White "Sepulveda Brango, Alberto Enrique"]
[Black "Florez, Edgar Mauricio"]
[Result "1-0"]
[WhiteElo "1349"]
[BlackElo "1871"]
[PlyCount "67"]
[EventDate "2023.08.03"]
[EventType "swiss"]
[EventRounds "9"]
[EventCountry "COL"]
[SourceTitle "EXT 2024"]
[Source "ChessBase"]
[SourceDate "2023.10.10"]
[SourceVersion "1"]
[SourceVersionDate "2023.10.10"]
[SourceQuality "1"]

1. e4 e6 2. d4 d5 3. Nc3 Nf6 4. e5 Nfd7 5. f4 c5 6. Nf3 a6 7. Be3 Nc6 8. Na4 cxd4 9. Nxd4 Be7 10. Nxc6 bxc6 11. c4 0-0 12. a3 f6 13. Qg4 f5 14. Qd1 Bb7 15. c5 a5 16. Bd3 Ba6 17. 0-0 Bxd3 18. Qxd3 Qc7 19. Rfc1 Rfb8 20. Bd4 Rb5 21. Nc3 Rxb2 22. Nxd5 cxd5 23. Bxb2 Bxc5+ 24. Bd4 Qa7 25. Rxc5 Nxc5 26. Qe3 Rb8 27. Bxc5 Qa6 28. Bd6 Rb2 29. Qc3 Qe2 30. Qc8+ Kf7 31. Qd7+ Kg6 32. Qxe6+ Kh5 33. Qxf5+ Kh4 34. Qg5# 1-0

[Event "COL-ch"]
[Site "Cartagena"]
[Date "2023.06.09"]
[Round "3"]
[White "Sepulveda Brango, Alberto Enrique"]
[Black "Borre Meza, Orlando David"]
[Result "1/2-1/2"]
[WhiteElo "1242"]
[BlackElo "1707"]
[PlyCount "137"]
[EventDate "2023.06.08"]
[EventType "swiss"]
[EventRounds "9"]
[EventCountry "COL"]
[SourceTitle "CBM 215 Extra"]
[Source "ChessBase"]
[SourceDate "2023.09.30"]
[SourceVersion "1"]
[SourceVersionDate "2023.09.30"]
[SourceQuality "1"]

1. e4 Nc6 2. d4 d5 3. exd5 Qxd5 4. Nf3 Bg4 5. Nc3 Qf5 6. Bb5 a6 7. Ba4 b5 8. Bb3 Nf6 9. Be3 e6 10. Nb1 Bxf3 11. Qxf3 Qxf3 12. gxf3 0-0-0 13. c3 e5 14. Bxf7 exd4 15. cxd4 Bb4+ 16. Nc3 Nxd4 17. Bxd4 Rxd4 18. 0-0 Rd3 19. Rac1 Rxf3 20. Nd5 Nxd5 21. Bxd5 Rf6 22. a3 Bd6 23. Rc6 Rh6 24. f4 Rf8 25. Be4 Rxf4 26. Rxf4 Bxf4 27. Rxh6 Bxh6 28. b3 Bc1 29. a4 bxa4 30. bxa4 h6 31. Kf2 a5 32. Bg6 Kb7 33. h4 Kb6 34. Ke2 Kc5 35. h5 Kb4 36. Be8 c5 37. Kd1 Bb2 38. Kc2 Bf6 39. Bc6 g6 40. hxg6 Bg7 41. Bd7 h5 42. Kb1 h4 43. Kc2 c4 44. Kd2 h3 45. Bxh3 Kxa4 46. Kc2 Kb4 47. Bf5 a4 48. Kb1 Kc3 49. Ka2 Kb4 50. Bc2 Kb5 51. Bf5 Bf8 52. Bc2 Kb4 53. Kb2 Bh6 54. Ka2 Kb5 55. Kb2 Bf8 56. Ka2 Kb4 57. Kb2 Bh6 58. Ka2 Bf8 59. Kb2 Bg7+ 60. Ka2 Bh6 61. Kb2 Bd2 62. Ka2 Bc3 63. Bd1 Bf6 64. Bc2 Bg7 65. Bd1 a3 66. Bc2 Kc3 67. Bf5 Kb4 68. Bc2 Bb2 69. Bf5 1/2-1/2

[Event "COL-ch U14"]
[Site "Cartagena"]
[Date "2023.04.16"]
[Round "6"]
[White "Marquez Martelo, Alex Josue"]
[Black "Sepulveda Brango, Alberto Enrique"]
[Result "0-1"]
[WhiteElo "1484"]
[BlackElo "1265"]
[PlyCount "102"]
[EventDate "2023.04.13"]
[EventType "swiss"]
[EventRounds "7"]
[EventCountry "COL"]
[SourceTitle "CBM 213 Extra"]
[Source "ChessBase"]
[SourceDate "2023.05.31"]
[SourceVersion "1"]
[SourceVersionDate "2023.05.31"]
[SourceQuality "1"]

1. e4 c5 2. Nf3 Nc6 3. Bc4 Nf6 4. Nc3 e6 5. 0-0 d5 6. exd5 exd5 7. Bb3 Be7 8. a3 0-0 9. h3 a6 10. d3 Re8 11. Re1 h6 12. Bf4 Be6 13. Qd2 b5 14. Rad1 d4 15. Bxe6 dxc3 16. Bxf7+ Kxf7 17. Qxc3 Qd5 18. Ne5+ Nxe5 19. Rxe5 Qd4 20. Qxd4 cxd4 21. Ree1 Rad8 22. Re2 Bd6 23. Rxe8 Kxe8 24. Bd2 Kf7 25. Kf1 Nd5 26. g3 b4 27. a4 Nb6 28. a5 Nd5 29. Re1 Rc8 30. Re4 Rxc2 31. Be1 Rxb2 32. Rxd4 Ke6 33. Re4+ Kf6 34. Rd4 Ke6 35. Re4+ Kd7 36. Rg4 g5 37. Rc4 Ra2 38. Rc1 Rxa5 39. Rb1 Rb5 40. Rb3 a5 41. Bd2 a4 42. Rb1 b3 43. h4 a3 44. hxg5 hxg5 45. Bxg5 a2 46. Re1 b2 47. Kg2 a1Q 48. Re4 b1Q 49. Rh4 Qf1+ 50. Kf3 Qad1+ 51. Ke4 Qfxd3# 0-1

[Event "COL-ch U14"]
[Site "Cartagena"]
[Date "2023.04.15"]
[Round "5"]
[White "Sepulveda Brango, Alberto Enrique"]
[Black "Delgado Pena, Alvaro"]
[Result "1-0"]
[WhiteElo "1265"]
[BlackElo "1212"]
[PlyCount "29"]
[EventDate "2023.04.13"]
[EventType "swiss"]
[EventRounds "7"]
[EventCountry "COL"]
[SourceTitle "CBM 213 Extra"]
[Source "ChessBase"]
[SourceDate "2023.05.31"]
[SourceVersion "1"]
[SourceVersionDate "2023.05.31"]
[SourceQuality "1"]

1. e4 e5 2. Nf3 Nc6 3. d4 exd4 4. Nxd4 Nf6 5. Nc3 Bb4 6. Nxc6 bxc6 7. Bd3 d6 8. 0-0 0-0 9. Bg5 Be6 10. Qf3 d5 11. e5 h6 12. Bxh6 gxh6 13. exf6 Re8 14. Qg3+ Kf8 15. Qg7# 1-0

[Event "COL-ch U14"]
[Site "Cartagena"]
[Date "2023.04.14"]
[Round "2"]
[White "Toro Ramirez, Samuel"]
[Black "Sepulveda Brango, Alberto Enrique"]
[Result "1-0"]
[WhiteElo "1682"]
[BlackElo "1265"]
[PlyCount "35"]
[EventDate "2023.04.13"]
[EventType "swiss"]
[EventRounds "7"]
[EventCountry "COL"]
[SourceTitle "CBM 213 Extra"]
[Source "ChessBase"]
[SourceDate "2023.05.31"]
[SourceVersion "1"]
[SourceVersionDate "2023.05.31"]
[SourceQuality "1"]

1. e4 c5 2. Nf3 Nc6 3. Bb5 e6 4. c3 Nge7 5. d4 cxd4 6. cxd4 Ng6 7. 0-0 Qb6 8. Nc3 Bb4 9. Ba4 Bxc3 10. bxc3 d5 11. exd5 exd5 12. Re1+ Nge7 13. Ba3 Be6 14. Ng5 Kd7 15. Nxf7 Rhf8 16. Ng5 Rf6 17. Nxe6 Rxe6 18. Qg4 1-0

[Event "COL-ch U12"]
[Site "Choconta"]
[Date "2023.03.20"]
[Round "7"]
[White "Mercado Florez, Diego Armando"]
[Black "Sepulveda Brango, Alberto Enrique"]
[Result "0-1"]
[WhiteElo "1041"]
[BlackElo "1281"]
[PlyCount "71"]
[EventDate "2023.03.17"]
[EventType "swiss"]
[EventRounds "7"]
[EventCountry "COL"]
[SourceTitle "CBM 213 Extra"]
[Source "ChessBase"]
[SourceDate "2023.05.31"]
[SourceVersion "1"]
[SourceVersionDate "2023.05.31"]
[SourceQuality "1"]

1. e4 c5 2. d4 cxd4 3. c3 dxc3 4. Nxc3 Nc6 5. Nf3 Nf6 6. Bc4 e6 7. Bf4 Bb4 8. 0-0 Bxc3 9. bxc3 Nxe4 10. Qd3 d5 11. Bb5 0-0 12. c4 a6 13. Bxc6 bxc6 14. Ne5 c5 15. f3 Nf6 16. Rfd1 Nh5 17. Qe3 Nxf4 18. Qxf4 f6 19. Nc6 Qd7 20. Nb8 Qd8 21. Rab1 e5 22. Qc1 Qc7 23. Qb2 Bf5 24. Qb7 Qxb7 25. Rxb7 Rfxb8 26. Rc7 d4 27. Rxc5 Rc8 28. Rd5 Rxc4 29. Rd2 Rac8 30. Rb2 Rc1+ 31. Kf2 R1c2+ 32. Rxc2 Rxc2+ 33. Kg3 d3 34. Kh4 Rxg2 35. a4 g5+ 36. Kh5 0-1

[Event "COL-ch U12"]
[Site "Choconta"]
[Date "2023.03.18"]
[Round "3"]
[White "Rodriguez Velasquez, William Nicolas"]
[Black "Sepulveda Brango, Alberto Enrique"]
[Result "1-0"]
[WhiteElo "1556"]
[BlackElo "1281"]
[PlyCount "119"]
[EventDate "2023.03.17"]
[EventType "swiss"]
[EventRounds "7"]
[EventCountry "COL"]
[SourceTitle "CBM 213 Extra"]
[Source "ChessBase"]
[SourceDate "2023.05.31"]
[SourceVersion "1"]
[SourceVersionDate "2023.05.31"]
[SourceQuality "1"]

1. d4 d5 2. Nc3 e6 3. e4 dxe4 4. Nxe4 Nc6 5. Nf3 Be7 6. Bf4 Nf6 7. Bd3 0-0 8. c3 b6 9. Qc2 Nd5 10. Bg3 f5 11. Ned2 g6 12. Be5 Bf6 13. Nc4 Ba6 14. Bxf6 Qxf6 15. Nce5 Bxd3 16. Nxd3 Rfe8 17. 0-0-0 b5 18. g3 a5 19. Nfe5 Nxe5 20. Nxe5 b4 21. c4 Nb6 22. f4 Qe7 23. Rhe1 Nd7 24. d5 Nxe5 25. Rxe5 Qf7 26. Rde1 exd5 27. cxd5 Rad8 28. Qc4 Rxe5 29. Rxe5 Rd7 30. Qa6 c6 31. Qxa5 cxd5 32. Qxb4 Qf6 33. Re8+ Kg7 34. Qc3 d4 35. Qc5 Qf7 36. Qe5+ Kh6 37. Re6 d3 38. Kd2 Rb7 39. b3 Ra7 40. a4 Rb7 41. Qd5 Rd7 42. Qc4 Rc7 43. Rc6 Qxc4 44. Rxc4 Rb7 45. b4 Kh5 46. h3 g5 47. fxg5 Kxg5 48. a5 Kh5 49. a6 Rg7 50. g4+ fxg4 51. hxg4+ Kh4 52. b5 Rxg4 53. Rxg4+ Kxg4 54. a7 h5 55. a8Q h4 56. b6 h3 57. b7 h2 58. b8Q Kh3 59. Qf3+ Kh4 60. Qbg3# 1-0

[Event "Cartagena Plazuela op"]
[Site "Cartagena"]
[Date "2022.07.21"]
[Round "2"]
[White "De la Hoz Paternina, Felix Daniel"]
[Black "Sepulveda Brango, Alberto Enrique"]
[Result "1-0"]
[WhiteElo "1362"]
[BlackElo "1231"]
[PlyCount "89"]
[EventDate "2022.07.21"]
[EventType "swiss"]
[EventRounds "6"]
[EventCountry "COL"]
[SourceTitle "CBM 209 Extra"]
[Source "ChessBase"]
[SourceDate "2022.09.30"]
[SourceVersion "1"]
[SourceVersionDate "2022.09.30"]
[SourceQuality "1"]

1. d4 d5 2. c4 e6 3. Nc3 Nf6 4. Bg5 Nbd7 5. Nf3 Be7 6. cxd5 Nxd5 7. Bxe7 Qxe7 8. e4 N5f6 9. e5 Nd5 10. Bd3 N7b6 11. 0-0 0-0 12. Ne4 f5 13. Nc5 Nd7 14. Rc1 Nxc5 15. Rxc5 b6 16. Rc1 Bb7 17. Bb5 Rac8 18. a3 a6 19. Bc6 Bxc6 20. Rxc6 Qd7 21. Qc2 Ne7 22. Rc4 c6 23. Rc1 Rc7 24. Qd2 Nd5 25. Ne1 Rfc8 26. R1c2 Qe7 27. Qc1 Qe8 28. Nd3 h6 29. Nb4 Nxb4 30. Rxb4 b5 31. a4 Qe7 32. Rb3 g5 33. axb5 cxb5 34. Rxc7 Rxc7 35. Rc3 Rd7 36. Rc8+ Kg7 37. Qc3 Rd8 38. Rc6 Kg6 39. Rxa6 Qd7 40. Rd6 Qe7 41. Rxd8 Qxd8 42. h3 Qd5 43. Qc5 Qxc5 44. dxc5 Kf7 45. b4 1-0

[Event "Cartagena Plazuela op"]
[Site "Cartagena"]
[Date "2022.07.21"]
[Round "1"]
[White "Sepulveda Brango, Alberto Enrique"]
[Black "Fernandez Noriega, Shayra Maria"]
[Result "1-0"]
[WhiteElo "1231"]
[BlackElo "1267"]
[PlyCount "48"]
[EventDate "2022.07.21"]
[EventType "swiss"]
[EventRounds "6"]
[EventCountry "COL"]
[SourceTitle "CBM 209 Extra"]
[Source "ChessBase"]
[SourceDate "2022.09.30"]
[SourceVersion "1"]
[SourceVersionDate "2022.09.30"]
[SourceQuality "1"]

1. e4 e5 2. Nf3 Nc6 3. d4 exd4 4. Nxd4 Nxd4 5. Qxd4 Be7 6. Nc3 Nf6 7. Be2 d6 8. Bf4 0-0 9. Rd1 Bd7 10. 0-0 h6 11. e5 Ng4 12. exd6 cxd6 13. Bxd6 Bxd6 14. Bxg4 Bxg4 15. Qxg4 Qf6 16. Ne4 Qg6 17. Qxg6 fxg6 18. Rxd6 Kh7 19. Rd7 Rac8 20. c3 Rfe8 21. f3 Red8 22. Rxb7 h5 23. Ng5+ Kg8 24. Ne6 Ra8 1-0

[Event "COL-ch U20"]
[Site "Barranquilla"]
[Date "2022.07.09"]
[Round "6"]
[White "Sepulveda Brango, Alberto Enrique"]
[Black "Padilla, Daniel Eduardo"]
[Result "0-1"]
[WhiteElo "1231"]
[BlackElo "1708"]
[PlyCount "26"]
[EventDate "2022.07.06"]
[EventType "swiss"]
[EventRounds "9"]
[EventCountry "COL"]
[SourceTitle "EXT 2023"]
[Source "ChessBase"]
[SourceDate "2022.10.05"]
[SourceVersion "1"]
[SourceVersionDate "2022.10.05"]
[SourceQuality "1"]

1. e4 e6 2. d4 d5 3. Nc3 Nf6 4. e5 Nfd7 5. Be3 c5 6. Nf3 Nc6 7. Be2 cxd4 8. Bxd4 Nxd4 9. Qxd4 Bc5 10. Qf4 0-0 11. 0-0 f6 12. Qg4 Nxe5 13. Nxe5 fxe5 0-1

[Event "Cartagena Region-ch"]
[Site "Cartagena"]
[Date "2020.02.22"]
[Round "1"]
[White "Sepulveda Brango, Alberto Enrique"]
[Black "Torres Cueto, Jesus Marcial"]
[Result "0-1"]
[WhiteElo "1288"]
[BlackElo "2086"]
[PlyCount "116"]
[EventDate "2020.02.22"]
[EventType "swiss"]
[EventRounds "5"]
[EventCountry "COL"]
[SourceTitle "CBM 195 Extra"]
[Source "ChessBase"]
[SourceDate "2020.05.31"]
[SourceVersion "1"]
[SourceVersionDate "2020.05.31"]
[SourceQuality "1"]

1. d4 c5 2. Nf3 e6 3. e4 cxd4 4. Nxd4 Nc6 5. Nc3 Bc5 6. Be3 Qe7 7. Bc4 Nf6 8. e5 Nxe5 9. Ndb5 d5 10. Be2 0-0 11. 0-0 a6 12. Nd4 b5 13. Qd2 Bb7 14. a3 Rfd8 15. b4 Ba7 16. Rab1 Nc4 17. Bxc4 dxc4 18. Rfd1 Qc7 19. Qe2 e5 20. Nf3 e4 21. Nd4 Bb8 22. f4 exf3 23. Nxf3 Rxd1+ 24. Rxd1 Bxf3 25. gxf3 Qe7 26. Bc5 Qxe2 27. Nxe2 Be5 28. Ba7 Bb2 29. c3 h6 30. Bc5 a5 31. Rd2 Bxa3 32. Ra2 Re8 33. Kf2 axb4 34. cxb4 Bxb4 35. Bxb4 Nd5 36. Bc5 b4 37. Rb2 b3 38. Ke1 Nf4 39. Ba3 Nd3+ 40. Kd2 Nxb2 41. Bxb2 f6 42. Ng3 Rd8+ 43. Kc3 Rd3+ 44. Kxc4 Rxf3 45. Bc3 Rf2 46. Kxb3 Rxh2 47. Nf1 Rh3 48. Nd2 h5 49. Ne4 h4 50. Nf2 Rf3 51. Ng4 h3 52. Nh2 Rf2 53. Ng4 Rg2 54. Ne3 Rg1 55. Nd5 h2 56. Ne7+ Kh7 57. Bd4 Rg3+ 58. Kc4 h1Q 0-1